书目信息 |
| 题名: |
信仰的力量
|
|
| 作者: | 英塞缪尔·斯迈尔斯 ;余星 | |
| 分册: | ||
| 出版信息: | 北京 北京图书馆出版社 2000 |
|
| 页数: | 312页 | |
| 开本: | 20cm | |
| 丛书名: | ||
| 单 册: | ||
| 中图分类: | K56 | |
| 科图分类: | ||
| 主题词: | 西欧--历史 | |
| 电子资源: | ||
| ISBN: | 7-5013-1737-2 | |
| 000 | 00609nam0 2200193 450 | |
| 001 | 0728815141 | |
| 005 | 20070819080015.14 | |
| 010 | @a7-5013-1737-2@d¥20.00 | |
| 100 | @a20070819d km y0chiy0120 ea | |
| 101 | 0 | @achi |
| 200 | 1 | @a信仰的力量@Axin yang de li liang@f〔英〕塞缪尔.斯迈尔斯@F〔ying〕sai miao er.si mai er si@g余星等@Gyu xing deng |
| 210 | @a北京@c北京图书馆出版社@d2000 | |
| 215 | @a312页@d20cm | |
| 606 | 0 | @a西欧@x历史 |
| 690 | @aK56@v3 | |
| 701 | 0 | @a英塞缪尔·斯迈尔斯@Aying sai miao er·si mai er si |
| 702 | 0 | @a余星@Ayu xing |
| 801 | 0 | @aCN@bPFT@c20070819 |
| 905 | @a213230@dK56@eZW1@f1 | |
| 信仰的力量/〔英〕塞缪尔.斯迈尔斯/余星等.-北京:北京图书馆出版社,2000 |
| 312页;20cm |
| ISBN 7-5013-1737-2:¥20.00 |
| ● |
| 相关链接 |
|
|
|
|
正题名:信仰的力量
索取号:K56/ZW1
 
预约/预借
| 序号 | 登录号 | 条形码 | 馆藏地/架位号 | 状态 | 备注 |
| 1 | 7611355 | 276113554 | 密集书库-文学院/ [索取号:K56/ZW1] | 在馆 |